| 000 | 00983nas a2200301 4500 | ||
|---|---|---|---|
| 001 | BR2016000192 | ||
| 003 | BR-BrBNA | ||
| 005 | 20231205130033.0 | ||
| 007 | ta | ||
| 008 | 230509b bl.|||p| |||| 00| 00por d | ||
| 040 |
_aBR-BrBNA _bpor _cBiblioteca Nacional de Agricultura |
||
| 041 | _a(Pt) | ||
| 072 | _aF04; Q70 | ||
| 100 | 1 | _aSiewerdt, L. | |
| 100 | 1 | _aCaldas, A.L. | |
| 100 | 1 | _aSilveira Junior, P. | |
| 245 | 1 | _aProdução e qualidade da matéria seca de capim-setária em áreas de planossolo com adubação nitrogenada | |
| 650 | _aCAPIM | ||
| 650 | _aSETARIA | ||
| 650 | _aADUBACAO | ||
| 650 | _aFERTILIZANTE NITROGENADO | ||
| 650 | _aMATERIA SECA | ||
| 650 | _aPLANOSSOLO | ||
| 773 | 0 |
_tCurrent Agricultural Science and Technology (Brazil) _xISSN 2317-2436 _g(1995), v. 1(1) p. 48-50 _wBR2016000192 |
|
| 856 | 4 | 0 | _uhttps://periodicos.ufpel.edu.br/ojs2/index.php/CAST/article/view/117 |
| 909 |
_a202311 _bLúcia _c55 _dLúcia Elande |
||
| 942 |
_2AGRIS _n0 _cANA |
||
| 999 |
_c247561 _d247561 |
||